000
00290nam a2200109Ia 4500
008
171211s9999 xx 000 0 und d
245
_a
Farm Fresh Southern Cooking
245
_c
Tammy Algood
260
_c
2012
650
_x
COOKBOOKS
856
_u
http://down.ebook777.com/062/1401601588.pdf
999
_c
348152
_d
348152